Gaming Quiz

Random Gaming Quiz

Sonic Characters by Picture Quiz Stats

 Plays Quiz Updated Sep 11, 2015

Challenge
Share
Tweet
Score 0/25 Timer 06:00
5 Plays Today
% Correct
Sonic the Hedgehog
99.1%
Miles 'Tails' Prower
93.3%
Knuckles the Echidna
90%
Shadow the Hedgehog
88.4%
Amy Rose
86%
Doctor Eggman
86%
Metal Sonic
75.3%
Silver the Hedgehog
73.3%
Cream the Rabbit
72.2%
Big the Cat
71.6%
Rouge the Bat
68.8%
Blaze the Cat
68.4%
Vector the Crocodile
63.6%
% Correct
Epsio the Chameleon
58.1%
Charmy Bee
57.7%
Jet the Hawk
57.3%
Maria Robotnik
57%
E-123 Omega
55.2%
Tikal the Echidna
47%
Storm the Albatross
44.2%
Wave the Swallow
43%
Mighty the Armadillo
42.4%
Fang the Sniper
37.4%
Vanilla the Rabbit
37%
Emerl
31.2%

You're not logged in!

Compare scores with friends on all Sporcle quizzes.
OR
Log In

You Might Also Like...

Show Comments

Extras

Top Quizzes Today


Score Distribution

Your Account Isn't Verified!

In order to create a playlist on Sporcle, you need to verify the email address you used during registration. Go to your Sporcle Settings to finish the process.

Report this User

Report this user for behavior that violates our Community Guidelines.

Details: